| 000 | 00524cam a2200205ua 4500 | ||
|---|---|---|---|
| 001 | 1047 | ||
| 005 | 20260515113252.0 | ||
| 008 | 110427n ii |||gr||||Z||||||eng | ||
| 040 | _cMAIN | ||
| 082 | _a351 | ||
| 245 | 1 |
_aPublic administration. _cBy Amreswar Avasthi. |
|
| 250 | _a2nd. | ||
| 260 |
_aAgra.: _bLakshmi Narayan prakashan.,996. |
||
| 300 |
_a596 p.: _c20 cm. |
||
| 653 | _aPolitical science. | ||
| 653 | _aPublic administration. | ||
| 700 | 1 | _aAvasthi, Amreswar., | |
| 700 | 1 | _aMaheswari, Sriram., | |
| 942 | _cBK | ||
| 999 |
_c964 _d964 |
||